000 01935cam a2200169 4500500
005 20251228074310.0
041 _afre
042 _adc
100 1 0 _aBaron, Anne-Marie
_eauthor
245 0 0 _aLe mystère des lords balzaciens
260 _c2019.
500 _a58
520 _aDe Lord R’hoone à Lord Grenville ou Lord Dudley, les lords balzaciens, qu’ils soient pseudonymes ou personnages, sont des êtres fictifs dont on a renoncé à chercher les modèles. Ce qui nous importe, c’est le rôle qu’ils jouent, leur fonction dans l’économie narrative et leur origine dans l’écriture de La Comédie humaine. Sont-ils des espèces sociales, des puissances politiques, des personnages allégoriques, des utilités narratives ou des images paternelles que le romancier débutant dénonce et dans lesquelles il se projette ? Entre génétique, stratégie romanesque, exploration des fantasmes et herméneutique romanesque, tel est le questionnement qui fait l’objet de cet article.
520 _aFrom Lord R’hoone to Lord Grenville or Lord Dudley, Balzac’s Lords, whether they are characters or pseudonyms of the author himself, are fictional beings whose actual models have not been identified. At the heart of this discussion is the role they play and their function in the narrative framework of La Comédie humaine , as well as their origins in Balzac’s writing. Are they social species, expressions of political power, allegorical characters, narrative devices or paternal figures that the young novelist exposes and onto which he projects himself? This article probes these questions by ranging over issues of literary genesis, narrative strategy, and an exploration of novelistic fantasies and hermeneutics.
786 0 _nL'Année balzacienne | 20 | 1 | 2019-10-25 | p. 103-116 | 0084-6473
856 4 1 _uhttps://shs.cairn.info/revue-l-annee-balzacienne-2019-1-page-103?lang=fr&redirect-ssocas=7080
999 _c1597465
_d1597465